[Event "Zalakarosi Sakkfesztivál open"]
[Site "Zalakaros"]
[Date "2018.05.26"]
[Round "2.13"]
[White "Csala, Imre"]
[Black "Papp, Gellert"]
[Result "0-1"]
[WhiteElo "2093"]
[BlackElo "2325"]
[PlyCount "48"]
[EventDate "2018.05.25"]
[EventType "swiss"]
[EventRounds "9"]
[EventCountry "HUN"]

1. d4 Nf6 2. Nf3 g6 3. Nc3 d5 4. Bg5 Nbd7 5. Ne5 c6 6. Nxd7 Bxd7 7. Bxf6 exf6
8. e4 dxe4 9. Nxe4 f5 10. Nd2 Be6 11. c3 Bd5 12. Qe2+ Be7 13. c4 Be6 14. Qd3
Qb6 15. O-O-O O-O 16. f4 Qa6 17. a3 b5 18. Be2 Rfd8 19. Kb1 bxc4 20. Qc3 Rab8
21. Ka1 Rxd4 22. Nb1 Re4 23. Bf1 Bf8 24. Qf6 Qb6 0-1

[Event "Zalakarosi Sakkfesztivál open"]
[Site "Zalakaros"]
[Date "2018.05.26"]
[Round "2.14"]
[White "Li, Bo"]
[Black "Szilagyi, Norbert"]
[Result "1-0"]
[WhiteElo "2319"]
[BlackElo "2084"]
[PlyCount "105"]
[EventDate "2018.05.25"]
[EventType "swiss"]
[EventRounds "9"]
[EventCountry "HUN"]

1. d4 e6 2. e4 b6 3. c4 Bb7 4. Nc3 Bb4 5. f3 f5 6. e5 Nc6 7. Be3 Nh6 8. Qd2 Nf7
9. f4 O-O 10. Nf3 Ne7 11. Be2 Nh6 12. a3 Bxc3 13. Qxc3 Ng4 14. Bd2 a5 15. h3
Nh6 16. b3 Ng6 17. O-O Qe7 18. Be3 Rfd8 19. Rfd1 Nf7 20. d5 Ba6 21. Nd4 Qe8 22.
dxe6 dxe6 23. Bf3 Rac8 24. Bc6 Qe7 25. b4 Rb8 26. Bf3 Rbc8 27. b5 c5 28. Nc6
Rxc6 29. Bxc6 Bc8 30. Rxd8+ Nxd8 31. Qd2 Nf7 32. Rd1 Nf8 33. Bf2 h6 34. Qe2 Kh7
35. Qf3 Qc7 36. Ba8 Ng6 37. g3 Ne7 38. Qd3 Qb8 39. Bf3 Ng6 40. Bc6 Qc7 41. h4
Nf8 42. h5 Kg8 43. Bg2 Nd7 44. Qf3 Nb8 45. g4 fxg4 46. Qxg4 Kf8 47. Bh4 Bd7 48.
Bf6 gxf6 49. exf6 Ng5 50. fxg5 e5 51. Qe4 Be6 52. gxh6 Bg8 53. Qg6 1-0

[Event "Zalakarosi Sakkfesztivál open"]
[Site "Zalakaros"]
[Date "2018.05.26"]
[Round "2.15"]
[White "Hrbolka, Ladislav"]
[Black "Radovanovic, Jovica"]
[Result "0-1"]
[WhiteElo "2089"]
[BlackElo "2311"]
[PlyCount "112"]
[EventDate "2018.05.25"]
[EventType "swiss"]
[EventRounds "9"]
[EventCountry "HUN"]

1. d4 Nf6 2. Nf3 g6 3. c4 Bg7 4. Nc3 O-O 5. e4 d6 6. Be2 Nbd7 7. O-O e5 8. Be3
c6 9. d5 c5 10. Ne1 Ne8 11. Nd3 f5 12. exf5 gxf5 13. f4 e4 14. Nf2 Bxc3 15.
bxc3 Ndf6 16. Kh1 Ng7 17. Rb1 Qe7 18. Rb2 Rf7 19. Re1 Kh8 20. g3 Rb8 21. Rg1
Bd7 22. h3 h5 23. Rg2 Kg8 24. Kg1 Kf8 25. Kf1 Ke8 26. Ke1 Kd8 27. Qd2 Kc7 28.
Qd1 Bc8 29. Rd2 Qe8 30. Rb2 Bd7 31. Qd2 Rc8 32. Kd1 Kb8 33. Kc1 Qd8 34. Kb1 Qa5
35. Ka1 Nge8 36. Rg1 Rg7 37. Rbb1 Nc7 38. Nd1 Na8 39. Bf2 Nb6 40. Ne3 Na4 41.
Rb3 Qc7 42. Qd1 Rh8 43. Qd2 Nb6 44. Rbb1 Qd8 45. Bd1 Rhg8 46. Bc2 Qf8 47. Rbf1
Rg6 48. Qd1 Qh6 49. h4 Qg7 50. Be1 Ng4 51. Nxg4 Rxg4 52. Bb3 Qf6 53. Qe2 R8g6
54. Qe3 Ba4 55. Bd2 Qg7 56. Kb2 Rxg3 0-1

[Event "Zalakarosi Sakkfesztivál open"]
[Site "Zalakaros"]
[Date "2018.05.26"]
[Round "2.16"]
[White "Marton, Jozsef"]
[Black "Ianov, Viktor"]
[Result "0-1"]
[WhiteElo "2080"]
[BlackElo "2285"]
[PlyCount "106"]
[EventDate "2018.05.25"]
[EventType "swiss"]
[EventRounds "9"]
[EventCountry "HUN"]

1. d4 d6 2. Nf3 Bg4 3. h3 Bxf3 4. exf3 g6 5. Bd3 Bg7 6. c3 e6 7. O-O Ne7 8. Qb3
b6 9. Re1 O-O 10. Bg5 Nbc6 11. Bb5 Na5 12. Qa4 a6 13. Bd3 Qe8 14. Qc2 Qd7 15.
Nd2 d5 16. f4 f6 17. Bh4 c5 18. Nf3 c4 19. Bf1 Nf5 20. g4 Nxh4 21. Nxh4 Rae8
22. f5 gxf5 23. gxf5 e5 24. Bg2 exd4 25. cxd4 Nc6 26. Qc3 Bh6 27. Qf3 Rd8 28.
Re6 Bg5 29. Qg4 Kh8 30. Rae1 Rg8 31. Qh5 Bxh4 32. Qxh4 Qg7 33. Qxf6 Nxd4 34.
Qxg7+ Rxg7 35. Re8+ Rg8 36. Rxd8 Rxd8 37. Rd1 Ne2+ 38. Kf1 Nf4 39. Bf3 d4 40.
Bb7 Nd3 41. Rd2 Nc5 42. Bf3 Kg7 43. Kg2 Kf6 44. Bg4 b5 45. f4 b4 46. Rc2 c3 47.
bxc3 dxc3 48. Kf2 a5 49. Be2 Kxf5 50. Ke3 Kf6 51. Bc4 Rd1 52. Rg2 a4 53. Rc2 a3
0-1

[Event "Zalakarosi Sakkfesztivál open"]
[Site "Zalakaros"]
[Date "2018.05.26"]
[Round "2.17"]
[White "Borsos, Bogdan"]
[Black "Gombocz, Ferenc Jr."]
[Result "1/2-1/2"]
[WhiteElo "2277"]
[BlackElo "2077"]
[PlyCount "106"]
[EventDate "2018.05.25"]
[EventType "swiss"]
[EventRounds "9"]
[EventCountry "HUN"]

1. e4 e5 2. Bc4 Nf6 3. d3 c6 4. Nf3 d5 5. Bb3 Bd6 6. Nc3 d4 7. Ne2 O-O 8. Ng3
h6 9. O-O Re8 10. h3 Bc7 11. Nh2 Na6 12. Qf3 Qe7 13. Ng4 Nxg4 14. hxg4 Nc5 15.
Nf5 Bxf5 16. gxf5 Nxb3 17. axb3 Kh7 18. g3 g5 19. Qh5 Rh8 20. Kg2 a6 21. Rh1
Kg7 22. Bd2 Rag8 23. Rh3 Kf8 24. Qg4 f6 25. Rah1 Qg7 26. Rh5 Rh7 27. Qd1 Rgh8
28. R1h2 Ke8 29. Bb4 Kd7 30. Qa1 Bd6 31. Bxd6 Kxd6 32. Qa3+ Kd7 33. Qc5 Kc7 34.
Rh1 Qd7 35. Qc4 Qd6 36. b4 b5 37. Qb3 Kb7 38. Ra1 Ra8 39. Rah1 Rah8 40. Kf3 Kc7
41. Ra1 Ra8 42. Kg4 Kd7 43. Rah1 Qf8 44. c3 dxc3 45. bxc3 Kc7 46. c4 Rd8 47.
Ra1 Kb7 48. Qa2 Ra8 49. cxb5 axb5 50. Qxa8+ Qxa8 51. Rxa8 Kxa8 52. Rh1 h5+ 53.
Kf3 Kb7 1/2-1/2

[Event "Zalakarosi Sakkfesztivál open"]
[Site "Zalakaros"]
[Date "2018.05.26"]
[Round "2.18"]
[White "Narendran, Gouthaman"]
[Black "Marosi, Levente"]
[Result "0-1"]
[WhiteElo "2068"]
[BlackElo "2277"]
[PlyCount "118"]
[EventDate "2018.05.25"]
[EventType "swiss"]
[EventRounds "9"]
[EventCountry "HUN"]

1. e4 d6 2. d4 Nf6 3. Nc3 e5 4. dxe5 dxe5 5. Qxd8+ Kxd8 6. Bc4 Ke8 7. f3 c6 8.
a4 Bb4 9. Nge2 Nbd7 10. Be3 a5 11. Nc1 Bxc3+ 12. bxc3 b6 13. Rb1 Ba6 14. Bxa6
Rxa6 15. c4 Ke7 16. Nd3 c5 17. Ke2 Ne8 18. Rhd1 Nd6 19. Nb2 Nb8 20. Rd3 Nc6 21.
c3 Rd8 22. Kd2 Raa8 23. Kc2 h6 24. g4 f6 25. h4 Ke6 26. Rbd1 Rd7 27. Kb3 Ne7
28. R1d2 Rad8 29. h5 Nf7 30. Rxd7 Rxd7 31. Rxd7 Kxd7 32. Nd1 Nd8 33. Bd2 Ne6
34. Ne3 Ng5 35. Nf1 Nxf3 36. Be3 Nc8 37. Kc2 Nd6 38. Kd3 Ne1+ 39. Kd2 Ng2 40.
Kd3 Ke6 41. Nd2 Nf4+ 42. Kc2 Kf7 43. Bxf4 exf4 44. Kd3 Ke6 45. Nf3 Nf7 46. Ke2
Ng5 47. Nxg5+ fxg5 48. Kf2 Kf6 49. Ke2 g6 50. hxg6 Kxg6 51. Kf3 h5 52. gxh5+
Kxh5 53. e5 Kg6 54. Kg4 Kf7 55. Kf3 Ke7 56. Kg4 Ke6 57. Kxg5 f3 58. Kg4 f2 59.
Kg3 f1=Q 0-1

[Event "Zalakarosi Sakkfesztivál open"]
[Site "Zalakaros"]
[Date "2018.05.26"]
[Round "2.20"]
[White "Virag, Balint"]
[Black "Vegh, Endre"]
[Result "0-1"]
[WhiteElo "2065"]
[BlackElo "2264"]
[PlyCount "86"]
[EventDate "2018.05.25"]
[EventType "swiss"]
[EventRounds "9"]
[EventCountry "HUN"]

1. e4 d6 2. d4 Nf6 3. Nc3 g6 4. Nf3 Bg7 5. Bd3 O-O 6. O-O c5 7. e5 dxe5 8. dxe5
Nd5 9. Nxd5 Qxd5 10. Re1 Nc6 11. Bf4 Bg4 12. Be4 Qe6 13. Bd5 Qf5 14. Bxc6 Qxf4
15. Bxb7 Rab8 16. Qd5 Rfd8 17. Qe4 Qxe4 18. Bxe4 Rxb2 19. Bd3 Rd5 20. Nd2 Rxd3
21. cxd3 Rxd2 22. Rac1 Rxd3 23. Rxc5 Ra3 24. Rc2 h5 25. Rb2 Be6 26. f4 a5 27.
Kf2 a4 28. Ree2 Kh7 29. g3 Bd5 30. Red2 e6 31. Rbc2 h4 32. Rc7 hxg3+ 33. hxg3
Rxa2 34. Rxa2 Bxa2 35. Rxf7 Kg8 36. Ra7 Bb3 37. Ke3 Bf8 38. Kd4 a3 39. Kc3 Bd5
40. Rc7 a2 41. Kb2 Ba3+ 42. Ka1 Bb4 43. g4 Bd2 0-1

[Event "Zalakarosi Sakkfesztivál open"]
[Site "Zalakaros"]
[Date "2018.05.26"]
[Round "2.21"]
[White "Demeter, Dorina"]
[Black "Doric, Nenad"]
[Result "1/2-1/2"]
[WhiteElo "2060"]
[BlackElo "2250"]
[PlyCount "79"]
[EventDate "2018.05.25"]
[EventType "swiss"]
[EventRounds "9"]
[EventCountry "HUN"]

1. d4 Nf6 2. c4 e6 3. Nc3 d5 4. cxd5 exd5 5. Bg5 c6 6. e3 Be7 7. Bd3 Nbd7 8.
Nge2 h6 9. Bh4 Nh5 10. Bxe7 Qxe7 11. O-O O-O 12. Qc2 Nb6 13. Rfe1 Be6 14. Ng3
Nxg3 15. hxg3 Rfe8 16. Ne2 Nc8 17. a4 a5 18. Rac1 Qb4 19. Qc3 Qxc3 20. bxc3 Nd6
21. Rb1 Re7 22. Rb6 Bf5 23. Bxf5 Nxf5 24. Reb1 Nd6 25. Nf4 Ne4 26. Rc1 Nd2 27.
Nd3 Nc4 28. Rb3 Kf8 29. Ne5 Nxe5 30. dxe5 Rb8 31. Rcb1 Rxe5 32. Rxb7 Rxb7 33.
Rxb7 Re4 34. Rb6 Rc4 35. Ra6 Rxc3 36. Rxa5 Rc1+ 37. Kh2 h5 38. Ra7 g6 39. Rc7
Ra1 40. Rxc6 1/2-1/2

[Event "Zalakarosi Sakkfesztivál open"]
[Site "Zalakaros"]
[Date "2018.05.26"]
[Round "2.22"]
[White "Kernazhitsky, Leonid"]
[Black "Hadzi - Manev, Ljubomir"]
[Result "1-0"]
[WhiteElo "2250"]
[BlackElo "2049"]
[PlyCount "109"]
[EventDate "2018.05.25"]
[EventType "swiss"]
[EventRounds "9"]
[EventCountry "HUN"]

1. e4 g6 2. d4 Bg7 3. Nc3 a6 4. Be3 d6 5. f4 b5 6. Nf3 Bb7 7. Bd3 Nf6 8. e5 Nd5
9. Nxd5 Bxd5 10. O-O Nd7 11. Ng5 e6 12. a4 b4 13. c4 bxc3 14. bxc3 h6 15. Nh3
O-O 16. Qd2 Nb6 17. Qe2 a5 18. Ra3 Qd7 19. exd6 cxd6 20. c4 Bb7 21. Rb1 Nc8 22.
Nf2 Ne7 23. Qd2 Nf5 24. Bxf5 gxf5 25. d5 Rfc8 26. dxe6 fxe6 27. Bd4 Qc6 28. Rg3
Rc7 29. Bxg7 Rxg7 30. Rxg7+ Kxg7 31. Qb2+ Kg6 32. Qxb7 Qxb7 33. Rxb7 Rc8 34.
Rb6 Rxc4 35. Rxd6 Rxf4 36. Rxe6+ Kf7 37. Rxh6 Rd4 38. h4 Kg7 39. Ra6 Rxh4 40.
Rxa5 Kf6 41. g3 Rc4 42. Kg2 Rc2 43. Rd5 Ke6 44. Rd3 Ke5 45. Kf3 Ra2 46. Rb3 Ra1
47. Nd3+ Kf6 48. Nf4 Kg5 49. Ne6+ Kf6 50. Nd4 Ke5 51. Ke3 Re1+ 52. Kf2 Ra1 53.
Nf3+ Kf6 54. Rb6+ Kf7 55. Nh4 1-0

[Event "Zalakarosi Sakkfesztivál open"]
[Site "Zalakaros"]
[Date "2018.05.26"]
[Round "2.23"]
[White "Vinkovics, Sandor"]
[Black "Peczely, Sebastian Zsombor"]
[Result "0-1"]
[WhiteElo "2054"]
[BlackElo "2244"]
[PlyCount "124"]
[EventDate "2018.05.25"]
[EventType "swiss"]
[EventRounds "9"]
[EventCountry "HUN"]

1. d4 d5 2. Nf3 Nf6 3. Bg5 c6 4. e3 h6 5. Bxf6 exf6 6. c3 Bd6 7. Qc2 O-O 8.
Nbd2 b6 9. Be2 c5 10. O-O Nc6 11. Rfe1 f5 12. Bb5 Ne7 13. Bf1 Ng6 14. g3 Qf6
15. Bg2 Bb7 16. dxc5 bxc5 17. Red1 Rfd8 18. c4 d4 19. exd4 cxd4 20. Qa4 f4 21.
b4 fxg3 22. hxg3 a6 23. Qb3 Rab8 24. a3 h5 25. Qd3 h4 26. Nf1 hxg3 27. fxg3
Bxf3 28. Qxf3 Qg5 29. Ra2 a5 30. c5 Bc7 31. Qb3 a4 32. Qc2 Ne5 33. Qe4 d3 34.
Rad2 Re8 35. Qh4 Qxh4 36. gxh4 Nc4 37. Rf2 Red8 38. Ra2 Bf4 39. Bc6 d2 40. Bxa4
Rd3 41. Kf2 Rxa3 42. Rxa3 Nxa3 43. b5 Ra8 44. b6 Rxa4 45. Nxd2 Rb4 46. Kf3 Be5
47. Ne4 Kf8 48. Nd6 Nc4 49. Nxc4 Rxc4 50. Rd5 Bh2 51. b7 Ke7 52. Ke3 Ke6 53.
Rd8 Rxc5 54. b8=Q Bxb8 55. Rxb8 Kf5 56. Rb4 Rc7 57. Kf2 Kg6 58. Kg2 Kh6 59. Rb5
g6 60. Ra5 f5 61. Ra4 Kh5 62. Rb4 Rc3 0-1

[Event "Zalakarosi Sakkfesztivál open"]
[Site "Zalakaros"]
[Date "2018.05.26"]
[Round "2.24"]
[White "Szalanczy, Emil"]
[Black "Vukovic, Ivo"]
[Result "1-0"]
[WhiteElo "2233"]
[BlackElo "2031"]
[PlyCount "93"]
[EventDate "2018.05.25"]
[EventType "swiss"]
[EventRounds "9"]
[EventCountry "HUN"]

1. e4 d6 2. d4 Nf6 3. Nc3 g6 4. Be3 c6 5. Qd2 b5 6. Bd3 a6 7. Nce2 Nbd7 8. c3
e5 9. Nf3 Bg7 10. Ng3 Ng4 11. Bg5 Bf6 12. h4 h5 13. a4 Rb8 14. O-O Be7 15. Qe2
Ngf6 16. b4 Nh7 17. Bxe7 Qxe7 18. Qe3 O-O 19. axb5 axb5 20. Ra7 Bb7 21. Qh6 Qf6
22. Bc2 Qg7 23. Qd2 Qf6 24. Rd1 Rfd8 25. Bb3 Kg7 26. Qe3 Qe7 27. Ng5 Nxg5 28.
hxg5 Nf8 29. f4 exf4 30. Qxf4 Ne6 31. Bxe6 Qxe6 32. Rf1 Rd7 33. Rf3 Ra8 34.
Rxa8 Bxa8 35. Kh2 Kg8 36. Qh4 Bb7 37. Rf6 Qe8 38. Qf4 Qe7 39. Nf1 Rd8 40. Nd2
Bc8 41. Nf3 Be6 42. e5 Kg7 43. exd6 Qxd6 44. Qxd6 Rxd6 45. Ne5 Kg8 46. Nxf7 Rd5
47. Ne5 1-0

[Event "Zalakarosi Sakkfesztivál open"]
[Site "Zalakaros"]
[Date "2018.05.26"]
[Round "2.25"]
[White "Bai, Adelard"]
[Black "Veleski, Robert"]
[Result "1/2-1/2"]
[WhiteElo "2042"]
[BlackElo "2225"]
[PlyCount "134"]
[EventDate "2018.05.25"]
[EventType "swiss"]
[EventRounds "9"]
[EventCountry "HUN"]

1. d4 d5 2. c4 e6 3. Nc3 c5 4. cxd5 exd5 5. Nf3 Nc6 6. dxc5 d4 7. Na4 Bxc5 8.
Nxc5 Qa5+ 9. Qd2 Qxc5 10. e3 dxe3 11. Qxe3+ Qxe3+ 12. Bxe3 Nf6 13. Bc4 O-O 14.
O-O Bg4 15. Nd4 Ne5 16. Bb3 Rfc8 17. f3 Bd7 18. Bg5 Nc4 19. Rfe1 Kf8 20. Re2 h6
21. Bxf6 gxf6 22. Rd1 Rc5 23. Rc2 Rac8 24. Rdc1 b5 25. Bxc4 Rxc4 26. Rxc4 bxc4
27. Kf2 Ke7 28. Ke3 Kd6 29. Kd2 Kd5 30. Ne2 Re8 31. Nc3+ Kd4 32. Ne2+ Kd5 33.
Re1 Kc5 34. Nc3 Rg8 35. g3 Bc6 36. f4 Rd8+ 37. Kc2 Rd3 38. Re7 Rf3 39. a3 Rf2+
40. Re2 Rf1 41. Re7 Rf2+ 42. Kb1 f5 43. Re5+ Kd4 44. Rxf5 Be4+ 45. Nxe4 Kxe4
46. Rxf7 c3 47. bxc3 Kd3 48. Rxa7 Kxc3 49. Rc7+ Kb3 50. Rb7+ Kxa3 51. h4 Rg2
52. f5 Rxg3 53. f6 Rf3 54. f7 Ka4 55. Kc2 Ka5 56. Kd2 Ka6 57. Re7 Kb6 58. Ke2
Rf6 59. Kd3 Kc5 60. Rd7 Kc6 61. Ra7 Kd5 62. Ra6 Rf3+ 63. Ke2 Rxf7 64. Rxh6 Ke4
65. Rg6 Rf4 66. Rb6 Kf5 67. Rh6 Ra4 1/2-1/2

[Event "Zalakarosi Sakkfesztivál open"]
[Site "Zalakaros"]
[Date "2018.05.26"]
[Round "2.26"]
[White "Hardicsay, Peter"]
[Black "Rezsek, Gyozo"]
[Result "1-0"]
[WhiteElo "2211"]
[BlackElo "2022"]
[PlyCount "89"]
[EventDate "2018.05.25"]
[EventType "swiss"]
[EventRounds "9"]
[EventCountry "HUN"]

1. e4 c5 2. Nf3 Nc6 3. Nc3 d6 4. Bc4 e6 5. d4 cxd4 6. Nxd4 Nf6 7. Be3 Be7 8.
O-O O-O 9. Bb3 Bd7 10. f4 Nxd4 11. Bxd4 Bc6 12. Qd3 Qa5 13. Rae1 Rfd8 14. Qg3
Qh5 15. h3 Ne8 16. Rd1 b5 17. a3 a5 18. f5 Bh4 19. Qd3 e5 20. Bf2 Bxf2+ 21.
Rxf2 Rab8 22. Rfd2 Qg5 23. Qf3 h6 24. Rd3 Rdc8 25. Qf2 Kf8 26. Nd5 Rb7 27. Rg3
Qh4 28. Rd2 Nf6 29. Nxf6 Qxf6 30. Qe2 Rbc7 31. c3 a4 32. Ba2 Rd8 33. Bd5 Be8
34. Kh2 Ke7 35. Qg4 Kf8 36. Rdd3 Rc5 37. Qh5 Ke7 38. Qe2 Rdc8 39. Rd1 Bc6 40.
Rgd3 Qg5 41. Rg3 Qf4 42. Rf1 Qh4 43. f6+ gxf6 44. Bxc6 R8xc6 45. Rg4 1-0

[Event "Zalakarosi Sakkfesztivál open"]
[Site "Zalakaros"]
[Date "2018.05.26"]
[Round "2.27"]
[White "Kende, Gyorgy Dr."]
[Black "Kincs, Imre"]
[Result "0-1"]
[WhiteElo "2027"]
[BlackElo "2210"]
[PlyCount "74"]
[EventDate "2018.05.25"]
[EventType "swiss"]
[EventRounds "9"]
[EventCountry "HUN"]

1. e4 c6 2. d3 d5 3. Nd2 e5 4. Ngf3 Bd6 5. d4 exd4 6. exd5 Qe7+ 7. Be2 d3 8.
cxd3 cxd5 9. O-O Nc6 10. Nb3 Nf6 11. Bg5 Bd7 12. Rc1 O-O 13. d4 h6 14. Bh4 Rfc8
15. Bb5 Bf4 16. Re1 Qd6 17. Bxf6 Qxf6 18. Rc5 b6 19. Rxd5 Be6 20. Bxc6 Rxc6 21.
Rde5 Bxe5 22. dxe5 Bxb3 23. Qxb3 Qe6 24. Qa3 Rc5 25. Qa6 Qd5 26. a3 Ra5 27. Qe2
Rd8 28. Qe3 Rb5 29. b4 a5 30. bxa5 bxa5 31. h3 Rb3 32. Qf4 Rxa3 33. e6 fxe6 34.
Ne5 Rf8 35. Qc1 Rxf2 36. Kxf2 Ra2+ 37. Kg3 Qxg2+ 0-1

[Event "Zalakarosi Sakkfesztivál open"]
[Site "Zalakaros"]
[Date "2018.05.26"]
[Round "2.28"]
[White "Chubar, Vladimir"]
[Black "Karacsonyi, Gellert"]
[Result "0-1"]
[WhiteElo "2011"]
[BlackElo "2208"]
[PlyCount "74"]
[EventDate "2018.05.25"]
[EventType "swiss"]
[EventRounds "9"]
[EventCountry "HUN"]

1. d4 d5 2. Nf3 Nf6 3. Bf4 c5 4. e3 Nc6 5. c3 Qb6 6. Qc1 Bf5 7. Nbd2 e6 8. Be2
Be7 9. h3 h6 10. O-O O-O 11. Ne5 Nxe5 12. Bxe5 Nd7 13. Bh2 Bd6 14. Bxd6 Qxd6
15. Nf3 Rab8 16. Bb5 cxd4 17. Bxd7 Qxd7 18. cxd4 Rbc8 19. Qd2 Rc2 20. Qb4 Rfc8
21. Ne5 Qc7 22. Rfd1 b6 23. Rd2 Rc1+ 24. Rxc1 Qxc1+ 25. Kh2 a5 26. Qe7 Qxd2 27.
Qxf7+ Kh7 28. Ng4 Bxg4 29. hxg4 Rc2 30. g5 Qd3 31. Qxe6 Qg6 32. Qxd5 hxg5 33.
f3 Rxb2 34. Kg3 Qc2 35. f4 gxf4+ 36. exf4 Qf2+ 37. Kh3 Qxf4 0-1

[Event "Zalakarosi Sakkfesztivál open"]
[Site "Zalakaros"]
[Date "2018.05.26"]
[Round "2.29"]
[White "Kareva, Natalia"]
[Black "Diller, Denis"]
[Result "0-1"]
[WhiteElo "2206"]
[BlackElo "2008"]
[PlyCount "112"]
[EventDate "2018.05.25"]
[EventType "swiss"]
[EventRounds "9"]
[EventCountry "HUN"]

1. d4 Nf6 2. g3 d5 3. Bg2 e6 4. Nf3 Nbd7 5. c4 b6 6. cxd5 exd5 7. Qa4 Bd6 8.
Nc3 Bb7 9. Nb5 Ne4 10. Nxd6+ Nxd6 11. Ne5 b5 12. Qb3 c6 13. Bf4 Nxe5 14. Bxe5
O-O 15. Bxd6 Qxd6 16. Rc1 Rfe8 17. Bf3 Qf6 18. Qd3 a5 19. O-O b4 20. Rc5 Ba6
21. Qd2 Bb5 22. Re1 Rad8 23. Qf4 Qg6 24. Qd2 Qf6 25. Bg2 Qd6 26. e3 Ra8 27.
Rec1 Qd7 28. Rxb5 cxb5 29. Rc5 Rac8 30. Rxd5 Qc6 31. Rc5 Qb6 32. Qc2 Rxc5 33.
dxc5 Qe6 34. Bb7 Qe7 35. c6 Qc7 36. Qc5 Re5 37. Qd4 g6 38. f4 Re8 39. Qd7 Re7
40. Qxc7 Rxc7 41. e4 Kf8 42. Kf2 Ke7 43. Ke3 Kd6 44. Kd4 Re7 45. e5+ Kc7 46. g4
Re8 47. f5 Rd8+ 48. Ke3 g5 49. b3 a4 50. h3 a3 51. Ke4 Rd2 52. Ke3 Rxa2 53. e6
fxe6 54. f6 Ra1 55. Ke2 a2 56. f7 Rf1 0-1

[Event "Zalakarosi Sakkfesztivál open"]
[Site "Zalakaros"]
[Date "2018.05.26"]
[Round "2.30"]
[White "Takac, Zvonko"]
[Black "Ugroczky, Peter"]
[Result "1-0"]
[WhiteElo "1977"]
[BlackElo "2197"]
[PlyCount "113"]
[EventDate "2018.05.25"]
[EventType "swiss"]
[EventRounds "9"]
[EventCountry "HUN"]

1. d4 d5 2. c4 e6 3. Nc3 Nf6 4. Nf3 c6 5. e3 Nbd7 6. Bd3 dxc4 7. Bxc4 b5 8. Bd3
Bb7 9. O-O a6 10. a4 b4 11. Ne2 c5 12. b3 Bxf3 13. gxf3 cxd4 14. Nxd4 Nc5 15.
Bc4 Bd6 16. Bd2 Qc7 17. f4 Nce4 18. Rc1 Qb7 19. f3 Nxd2 20. Qxd2 Nd5 21. Nf5
Bf8 22. Bxd5 exd5 23. Rfd1 Rd8 24. Qd4 f6 25. e4 Bd6 26. Nxd6+ Rxd6 27. Qc5 Qe7
28. Qc8+ Qd8 29. Rxd5 O-O 30. Qxd8 Rfxd8 31. Rc4 a5 32. Rcc5 Rxd5 33. exd5 Ra8
34. Kf2 Kf7 35. Ke3 Kg6 36. d6 Kf7 37. f5 Ra6 38. Rd5 Ke8 39. d7+ Kd8 40. Kd4
Rc6 41. Rxa5 Rc3 42. Rb5 Rxb3 43. Kc4 Rxf3 44. Kxb4 Rf2 45. Kc5 Rxh2 46. a5
Kxd7 47. a6 Ra2 48. Kb6 Rc2 49. a7 Rc6+ 50. Ka5 Rc1 51. Rb4 Rc5+ 52. Ka4 Rc1
53. Rb3 Rc4+ 54. Ka3 Rc1 55. Ka2 Rc8 56. Rb8 Rc2+ 57. Kb1 1-0

[Event "Zalakarosi Sakkfesztivál open"]
[Site "Zalakaros"]
[Date "2018.05.26"]
[Round "2.31"]
[White "Biro, Sandor"]
[Black "Bakos, Balazs"]
[Result "1-0"]
[WhiteElo "2191"]
[BlackElo "1799"]
[PlyCount "135"]
[EventDate "2018.05.25"]
[EventType "swiss"]
[EventRounds "9"]
[EventCountry "HUN"]

1. Nf3 Nf6 2. b3 c5 3. Bb2 e6 4. g3 b6 5. Bg2 Bb7 6. O-O Be7 7. d3 O-O 8. e4 d6
9. Nbd2 Nbd7 10. Ne1 b5 11. e5 Bxg2 12. exf6 Bxf1 13. fxe7 Qxe7 14. Nxf1 a5 15.
a4 bxa4 16. Rxa4 Nb6 17. Rh4 f6 18. Ne3 a4 19. Qe2 Qf7 20. Ng4 Nd7 21. bxa4 Ne5
22. Bxe5 fxe5 23. Ng2 Qb7 24. h3 Qc6 25. N4e3 Rxa4 26. Nc4 Ra1+ 27. Kh2 Qf3 28.
Qxf3 Rxf3 29. Nxd6 Rxf2 30. Rc4 Ra2 31. Rxc5 Raxc2 32. Rxc2 Rxc2 33. Ne4 h6 34.
g4 Kf7 35. Kg3 Ra2 36. Kf3 g5 37. Ne3 Ra3 38. Nf2 Kf6 39. Nc4 Rb3 40. Ne4+ Ke7
41. Nxe5 Rb5 42. Nc6+ Kd7 43. Nd4 Rb4 44. Ke3 Rb1 45. Nf3 Rh1 46. Nf2 Rf1 47.
Ke2 Ra1 48. Nd2 Kd6 49. Nc4+ Kd5 50. Ne3+ Ke5 51. Kf3 Ra8 52. Nc4+ Kd4 53. Nd2
Rb8 54. Ke2 Rb2 55. Nd1 Ra2 56. Ne3 e5 57. Nef1 Rb2 58. Ng3 Ra2 59. Nge4 Rb2
60. Nd6 Ra2 61. Nb5+ Kc5 62. Nc3 Rc2 63. Ke3 Kd6 64. Nce4+ Ke6 65. Ng3 Kf6 66.
Nh5+ Kg6 67. Nf3 Rc5 68. Ke4 1-0

[Event "Zalakarosi Sakkfesztivál open"]
[Site "Zalakaros"]
[Date "2018.05.26"]
[Round "2.32"]
[White "Haselbach, David"]
[Black "Aczel, Gergely"]
[Result "0-1"]
[WhiteElo "1984"]
[BlackElo "2567"]
[PlyCount "80"]
[EventDate "2018.05.25"]
[EventType "swiss"]
[EventRounds "9"]
[EventCountry "HUN"]

1. e4 c5 2. Nf3 e6 3. g3 Nc6 4. Bg2 Nf6 5. d3 d5 6. exd5 Nxd5 7. O-O Bd7 8. Bd2
Be7 9. Nc3 O-O 10. Re1 Nc7 11. a4 f6 12. Nb5 e5 13. c3 Bg4 14. h3 Bh5 15. g4
Bf7 16. d4 exd4 17. cxd4 c4 18. Bc3 Nd5 19. Qd2 a6 20. Na3 Rb8 21. Nc2 b5 22.
axb5 axb5 23. Qc1 b4 24. Bd2 Na5 25. Rxa5 Qxa5 26. Ne3 Nxe3 27. Bxe3 Bd6 28.
Nh4 g6 29. Nf3 Bd5 30. g5 Qa8 31. Nh4 Rbc8 32. Bf4 Bxf4 33. Qxf4 Bxg2 34. Nxg2
fxg5 35. Qxg5 Qf3 36. Rf1 c3 37. bxc3 bxc3 38. Nh4 Qf4 39. Qd5+ Qf7 40. Qe4 c2
0-1

[Event "Zalakarosi Sakkfesztivál open"]
[Site "Zalakaros"]
[Date "2018.05.26"]
[Round "2.33"]
[White "Galyas, Miklos"]
[Black "Majoros, Rozsa Evelin"]
[Result "1-0"]
[WhiteElo "2508"]
[BlackElo "1967"]
[PlyCount "49"]
[EventDate "2018.05.25"]
[EventType "swiss"]
[EventRounds "9"]
[EventCountry "HUN"]

1. Nf3 Nf6 2. g3 g6 3. b3 Bg7 4. Bb2 O-O 5. Bg2 d6 6. d4 Nbd7 7. O-O e5 8. dxe5
Ng4 9. c4 Ngxe5 10. Nxe5 dxe5 11. Nc3 f5 12. Qd2 c6 13. Rad1 Qa5 14. Na4 Qa6
15. f4 Rb8 16. fxe5 Nxe5 17. Qd6 Nd7 18. Qe6+ Rf7 19. Bxg7 Kxg7 20. Rxd7 Bxd7
21. Qe5+ Kg8 22. Qxb8+ Rf8 23. Qd6 Be8 24. Kh1 Qa5 25. Nc5 1-0

[Event "Zalakarosi Sakkfesztivál open"]
[Site "Zalakaros"]
[Date "2018.05.26"]
[Round "2.34"]
[White "Jerabek, Jan"]
[Black "Bokros, Albert"]
[Result "0-1"]
[WhiteElo "1796"]
[BlackElo "2480"]
[PlyCount "64"]
[EventDate "2018.05.25"]
[EventType "swiss"]
[EventRounds "9"]
[EventCountry "HUN"]

1. e3 Nf6 2. Nf3 c5 3. d4 g6 4. Be2 Bg7 5. c3 b6 6. Nbd2 Bb7 7. Qc2 O-O 8. O-O
d6 9. Ng5 e5 10. Bf3 Nc6 11. dxc5 dxc5 12. Nge4 Nxe4 13. Nxe4 Qe7 14. Ng3 h5
15. e4 h4 16. Ne2 f5 17. exf5 gxf5 18. Bd5+ Kh8 19. Qd2 Rad8 20. Rd1 Na5 21.
Qg5 Qxg5 22. Bxg5 Rxd5 23. Bxh4 Bf6 24. Bxf6+ Rxf6 25. Rxd5 Bxd5 26. Rd1 Bxa2
27. Rd7 Rf7 28. Rd8+ Kg7 29. h4 f4 30. g4 Bc4 31. b4 Bxe2 32. bxa5 Bxg4 0-1

[Event "Zalakarosi Sakkfesztivál open"]
[Site "Zalakaros"]
[Date "2018.05.26"]
[Round "2.35"]
[White "Meszaros, Tamas"]
[Black "Draganic, Stjepan"]
[Result "1/2-1/2"]
[WhiteElo "2407"]
[BlackElo "2006"]
[PlyCount "42"]
[EventDate "2018.05.25"]
[EventType "swiss"]
[EventRounds "9"]
[EventCountry "HUN"]

1. b4 Nf6 2. Bb2 d5 3. Nf3 c6 4. e3 Bg4 5. c4 e6 6. b5 Nbd7 7. Nc3 Be7 8. cxd5
cxd5 9. Be2 O-O 10. O-O Qa5 11. Nd4 Bxe2 12. Qxe2 Rfc8 13. Rfc1 Ba3 14. d3 Qb4
15. Bxa3 Qxa3 16. Qd2 Nb6 17. Rc2 Rc7 18. Rac1 Rac8 19. Nce2 Rxc2 20. Rxc2 Rxc2
21. Qxc2 Nfd7 1/2-1/2

[Event "Zalakarosi Sakkfesztivál open"]
[Site "Zalakaros"]
[Date "2018.05.26"]
[Round "2.36"]
[White "Zentai, Peter"]
[Black "Pasti, Anna"]
[Result "1-0"]
[WhiteElo "2327"]
[BlackElo "1886"]
[PlyCount "51"]
[EventDate "2018.05.25"]
[EventType "swiss"]
[EventRounds "9"]
[EventCountry "HUN"]

1. d4 d5 2. c4 e6 3. Nc3 Nf6 4. Nf3 Be7 5. Bf4 dxc4 6. Qa4+ Nc6 7. Qxc4 O-O 8.
e4 Re8 9. Be2 Nh5 10. Be3 Nf6 11. O-O a6 12. Rac1 Bd7 13. Ne5 Na5 14. Qd3 b5
15. a3 Rc8 16. b4 Nb7 17. Rfd1 c6 18. Qc2 a5 19. Nd3 h6 20. f4 Qb6 21. Bf2 Qd8
22. Qd2 Nd6 23. Nc5 Nc4 24. Bxc4 bxc4 25. Nb7 Qc7 26. Nxa5 1-0